1 & 2 Thessalonians / (Record no. 7074)

MARC details
000 -LEADER
fixed length control field 03411cam a22003614a 4500
001 - CONTROL NUMBER
control field 12831132
003 - CONTROL NUMBER IDENTIFIER
control field GBCCL
005 - DATE AND TIME OF LATEST TRANSACTION
control field 20241126110618.0
008 - FIXED-LENGTH DATA ELEMENTS--GENERAL INFORMATION
fixed length control field 020625s2002 ilu b 001 0 eng
010 ## -
-- 2002009836
020 ## - INTERNATIONAL STANDARD BOOK NUMBER
International Standard Book Number 0802408826
040 ## - CATALOGING SOURCE
Original cataloging agency DLC
Transcribing agency DLC
Modifying agency DLC
042 ## -
-- pcc
050 00 -
-- BS2725.53
-- .M33 2002
082 00 - DEWEY DECIMAL CLASSIFICATION NUMBER
Classification number 255.77
Edition information 21
Item number MAC
100 1# - MAIN ENTRY--PERSONAL NAME
Personal name MacArthur, John,
Dates associated with a name 1939-
9 (RLIN) 1165
245 10 - TITLE STATEMENT
Title 1 & 2 Thessalonians /
Statement of responsibility, etc. by John MacArthur, Jr.
246 3# -
-- First and Second Thessalonians
246 3# -
-- 1st and 2nd Thessalonians
260 ## - PUBLICATION, DISTRIBUTION, ETC.
Place of publication, distribution, etc. Chicago :
Name of publisher, distributor, etc. Moody Press,
Date of publication, distribution, etc. c2002.
300 ## - PHYSICAL DESCRIPTION
Extent viii, 351 p. ;
Dimensions 24 cm.
490 1# - SERIES STATEMENT
Series statement The MacArthur New Testament commentary
504 ## - BIBLIOGRAPHY, ETC. NOTE
Bibliography, etc. note Includes bibliographical references and indexes.
505 0# - FORMATTED CONTENTS NOTE
Formatted contents note Introduction to 1 Thessalonians -- Identifying the elect (1 Thessalonians 1:1-10) -- Fail-proof spiritual leadership (1 Thessalonians 2:1-6) -- Parental pictures of spiritual leadership (1 Thessalonians 2:7-12) -- A people to be glad for, and a people to be sad for (1 Thessalonians 2:13-16) -- Out of sight, but not out of mind (1 Thessalonians 2:17-20) -- The pastor's heart (1 Thessalonians 3:1-10) -- A pastoral prayer (1 Thessalonians 3:11-13) -- Excelling still more (1 Thessalonians 4:1-2) -- Abstaining from sexual sin (1 Thessalonians 4:3-8) -- Shoe-leather faith (1 Thessalonians 4:9-12) -- What happens to Christians who die? (1 Thessalonians 4:13-18) -- The day of the Lord (1 Thessalonians 5:1-3) -- Night people/day people (1 Thessalonians 5:4-11) -- Growing a healthy flock. Part 1. The relationship between shepherds and sheep (1 Thessalonians 5:12-13) -- Growing a healthy flock. Part 2. Dealing with the spiritually needy (1 Thessalonians 5:14-15) -- The sheep's responsibilities to the great shepherd. Part 1. Joyfulness, prayerfulness, and thankfulness (1 Thessalonians 5:16-18) -- The sheep's responsibilities to the great shepherd. Part 2. Do not quench the spirit; respond to God's Word; be discerning (1 Thessalonians 5:19-22) -- A prayer for complete sanctification (1 Thessalonians 5:23-24) -- Paul's final requests (1 Thessalonians 5:25-28) -- Introduction to 2 Thessalonians -- A church to be proud of (2 Thessalonians 1:1-5) -- The vengeance of the Lord Jesus (2 Thessalonians 1:6-10) -- Praying for the right things (2 Thessalonians 1:11-12) -- How to be ready for the end times. Part 1. Remember what you know (2 Thessalonians 2:1-5) -- How to be ready for the end times. Part 2. Be strong and courageous (2 Thessalonians 2:6-17) -- What the pastor desires from his people (2 Thessalonians 3:1-5) -- Work : a noble Christian duty (2 Thessalonians 3:6-15) -- A prayer for divine enablement (2 Thessalonians 3:16-18).
630 00 - SUBJECT ADDED ENTRY--UNIFORM TITLE
Uniform title Bible.
Name of part/section of a work Thessalonians
Form subdivision Commentaries.
9 (RLIN) 8361
800 1# -
-- MacArthur, John,
-- 1939-
-- MacArthur New Testament commentary.
-- 12401
856 42 - ELECTRONIC LOCATION AND ACCESS
Materials specified Publisher description
Uniform Resource Identifier <a href="http://www.loc.gov/catdir/enhancements/fy0612/2002009836-d.html">http://www.loc.gov/catdir/enhancements/fy0612/2002009836-d.html</a>
856 41 - ELECTRONIC LOCATION AND ACCESS
Materials specified Table of contents only
Uniform Resource Identifier <a href="http://www.loc.gov/catdir/enhancements/fy1202/2002009836-t.html">http://www.loc.gov/catdir/enhancements/fy1202/2002009836-t.html</a>
856 42 - ELECTRONIC LOCATION AND ACCESS
Materials specified Contributor biographical information
Uniform Resource Identifier <a href="http://www.loc.gov/catdir/enhancements/fy1202/2002009836-b.html">http://www.loc.gov/catdir/enhancements/fy1202/2002009836-b.html</a>
906 ## - LOCAL DATA ELEMENT F, LDF (RLIN)
a 7
b cbc
c orignew
d 1
e ecip
f 20
g y-gencatlg
942 ## - ADDED ENTRY ELEMENTS (KOHA)
Source of classification or shelving scheme Dewey Decimal Classification
Koha item type Reference Books
Holdings
Withdrawn status Lost status Source of classification or shelving scheme Damaged status Not for loan Home library Current Library Shelving location Date acquired Total checkouts Full call number Barcode Date last seen Copy number Price effective from Koha item type
    Dewey Decimal Classification     GRACE BIBLE COLLEGE GRACE BIBLE COLLEGE Commentary 2018-07-06   255.77 MAC 013062 2025-05-01 v.23 c.1 2018-07-06 Reference Books
© Grace Bible College Library 2025